[Event "ESP-ch U16 rapid"]
[Site "Salobrena"]
[Date "2023.07.30"]
[Round "6"]
[White "Perea Fruet, Lorenzo"]
[Black "Leone Amigot, Haymar"]
[Result "1-0"]
[WhiteElo "2266"]
[BlackElo "1901"]
[PlyCount "123"]
[EventDate "2023.07.29"]
[EventType "swiss (rapid)"]
[EventRounds "9"]
[EventCountry "ESP"]
[SourceTitle "EXT 2024"]
[Source "ChessBase"]
[SourceDate "2023.10.10"]
[SourceVersion "1"]
[SourceVersionDate "2023.10.10"]
[SourceQuality "1"]

1. e4 e5 2. Nc3 Nf6 3. Nf3 Nc6 4. h3 Bc5 5. Nxe5 Nxe5 6. d4 Bd6 7. dxe5 Bxe5 8. Bd2 d5 9. exd5 0-0 10. Bc4 b6 11. 0-0 Bb7 12. Qf3 Bxc3 13. Bxc3 Nxd5 14. Be5 c6 15. Qg3 f6 16. Bd4 Kh8 17. Rad1 Qc7 18. Qb3 Rad8 19. f3 Nf4 20. Bf2 Ng6 21. a4 Ne5 22. Be2 c5 23. a5 Qf7 24. Qb5 Qg6 25. Qb3 Qf7 26. Qc3 Rd7 27. Rxd7 Qxd7 28. Rd1 Qe7 29. Bf1 Rd8 30. Re1 Qf7 31. Bg3 Nc6 32. axb6 axb6 33. Bc4 Qd7 34. Bf2 h6 35. Be6 Qc7 36. Bf5 Bc8 37. Be4 Nd4 38. Bd3 Qd6 39. b3 Bd7 40. Bxd4 Qxd4+ 41. Qxd4 cxd4 42. Re7 Kg8 43. Bc4+ Kh8 44. g4 h5 45. Kf2 hxg4 46. hxg4 Kh7 47. Bd3+ Kh6 48. Re1 g6 49. Re7 f5 50. Kg3 fxg4 51. fxg4 Kg5 52. Re5+ Kf6 53. Rd5 g5 54. Rxd4 Ke7 55. Bf5 Bc6 56. Rc4 Bd5 57. Rc7+ Kf6 58. Kf2 Re8 59. Rd7 Ke5 60. Rg7 Kf4 61. Rd7 Bg8 62. Rd4+ 1-0

[Event "ESP-ch U16"]
[Site "Salobrena"]
[Date "2022.07.28"]
[Round "6"]
[White "Aguado Doncel, Pablo Luis"]
[Black "Leone Amigot, Haymar"]
[Result "1-0"]
[WhiteElo "2029"]
[BlackElo "1984"]
[PlyCount "133"]
[EventDate "2022.07.25"]
[EventType "swiss"]
[EventRounds "9"]
[EventCountry "ESP"]
[SourceTitle "EXT 2023"]
[Source "ChessBase"]
[SourceDate "2022.10.05"]
[SourceVersion "1"]
[SourceVersionDate "2022.10.05"]
[SourceQuality "1"]

1. d4 c5 2. d5 g6 3. c4 Bg7 4. e4 d6 5. Ne2 Nf6 6. Nbc3 Nbd7 7. g3 Ne5 8. Bg2 0-0 9. b3 Ne8 10. 0-0 Nc7 11. f4 Nd7 12. Bb2 b5 13. cxb5 Nxb5 14. Na4 Bb7 15. Bxg7 Kxg7 16. Nb2 Nc7 17. Nc4 a5 18. e5 Ne8 19. e6 Nb6 20. f5 g5 21. Qd2 f6 22. Nxa5 Qc7 23. Nxb7 Qxb7 24. Nc3 Rh8 25. a4 Nc7 26. Rfb1 Na6 27. Qe2 h5 28. a5 Nc8 29. Bf1 h4 30. Qb5 Qxb5 31. Bxb5 Nb4 32. Bc4 hxg3 33. hxg3 Nc2 34. Ra4 Na7 35. Bd3 Nb4 36. Be2 Rh3 37. Kg2 Rah8 38. Rg1 Nc2 39. Nb5 Nxb5 40. Bxb5 Rh2+ 41. Kf3 Nd4+ 42. Rxd4 cxd4 43. Ra1 Ra8 44. a6 Ra7 45. Bc4 Rc2 46. Ke4 Rc3 47. Kxd4 Rxg3 48. b4 Rg4+ 49. Kd3 Rg3+ 50. Kd2 Rg4 51. b5 Rxc4 52. b6 Rxa6 53. Rxa6 Rb4 54. Ra7 Rxb6 55. Rxe7+ Kf8 56. Rf7+ Ke8 57. Ke3 Rb3+ 58. Ke4 Rb4+ 59. Kd3 Rf4 60. Rxf6 g4 61. Ke3 Rf3+ 62. Ke4 Rf1 63. Rg6 Re1+ 64. Kf4 Re5 65. Kxg4 Rxd5 66. f6 Kf8 67. e7+ 1-0

[Event "ESP-ch U16"]
[Site "Salobrena"]
[Date "2022.07.27"]
[Round "5"]
[White "Leone Amigot, Haymar"]
[Black "Antich Fernandez, Marta Isabel"]
[Result "1-0"]
[WhiteElo "1984"]
[BlackElo "1715"]
[PlyCount "73"]
[EventDate "2022.07.25"]
[EventType "swiss"]
[EventRounds "9"]
[EventCountry "ESP"]
[SourceTitle "EXT 2023"]
[Source "ChessBase"]
[SourceDate "2022.10.05"]
[SourceVersion "1"]
[SourceVersionDate "2022.10.05"]
[SourceQuality "1"]

1. e4 e6 2. d4 d5 3. Nd2 dxe4 4. Nxe4 Nd7 5. Bd3 Ngf6 6. Qe2 Be7 7. Nf3 0-0 8. h4 Nxe4 9. Bxe4 Nf6 10. Bd3 b6 11. g4 Bb7 12. g5 Nh5 13. Be4 Bxe4 14. Qxe4 Qd5 15. Qe2 g6 16. Bd2 Bd6 17. c4 Qf5 18. 0-0-0 Nf4 19. Bxf4 Bxf4+ 20. Nd2 Rad8 21. b3 Rxd4 22. Kb2 Rfd8 23. Nf3 Rxd1 24. Rxd1 Rxd1 25. Qxd1 Be5+ 26. Nxe5 Qxe5+ 27. Kb1 Qf5+ 28. Kc1 Qxf2 29. Qd8+ Kg7 30. Qxc7 Qe3+ 31. Kc2 a5 32. a3 Qd4 33. b4 axb4 34. axb4 e5 35. c5 e4 36. cxb6 e3 37. Qc3 1-0

[Event "ESP-ch U14"]
[Site "Salobrena"]
[Date "2021.07.16"]
[Round "8"]
[White "Ano Pla, Gerard"]
[Black "Leone Amigot, Haymar"]
[Result "0-1"]
[WhiteElo "1978"]
[BlackElo "1806"]
[PlyCount "102"]
[EventDate "2021.07.12"]
[EventType "swiss"]
[EventRounds "9"]
[EventCountry "ESP"]
[SourceTitle "EXT 2022"]
[Source "ChessBase"]
[SourceDate "2021.10.06"]
[SourceVersion "1"]
[SourceVersionDate "2021.10.06"]
[SourceQuality "1"]

1. d4 Nf6 2. Nf3 d5 3. g3 Bf5 4. Bg2 h6 5. 0-0 e6 6. c4 Be7 7. Nc3 c6 8. b3 0-0 9. Bb2 Nbd7 10. Nd2 Bg6 11. e4 dxe4 12. Ndxe4 Nxe4 13. Nxe4 Nf6 14. Qe2 Bxe4 15. Bxe4 Nxe4 16. Qxe4 Bf6 17. Rad1 Qa5 18. Qc2 Rfd8 19. Bc3 Qh5 20. Qe4 Rd7 21. Rd3 Qg6 22. Qxg6 fxg6 23. Rfd1 Rad8 24. R3d2 Kf7 25. b4 b6 26. Kf1 Ke7 27. Ke2 g5 28. g4 g6 29. Ke3 Rc8 30. Bb2 Rcd8 31. a4 a6 32. Ke4 Rc8 33. Rd3 c5 34. bxc5 bxc5 35. Ba3 Kf7 36. dxc5 Rxd3 37. Rxd3 Be7 38. Rb3 Bd8 39. Rb7+ Rc7 40. Rxc7+ Bxc7 41. Bb2 Bxh2 42. Bc3 Bc7 43. Bd2 Ke7 44. Bc3 Kd7 45. Bd2 Kc6 46. Be3 Bb8 47. Bd4 Bf4 48. Bg7 h5 49. Bf8 h4 50. Kf3 h3 51. Be7 e5 0-1

[Event "Europe Echecs Blitz May op"]
[Site "Europe Echecs INT"]
[Date "2021.05.09"]
[Round "6"]
[White "Leone Amigot, Haymar"]
[Black "Godel, Wenceslas"]
[Result "1/2-1/2"]
[WhiteElo "1816"]
[BlackElo "1978"]
[PlyCount "134"]
[EventDate "2021.05.09"]
[EventType "swiss (blitz)"]
[EventRounds "11"]
[EventCountry "FRA"]
[SourceTitle "CBM 202 Extra"]
[Source "ChessBase"]
[SourceDate "2021.07.31"]
[SourceVersion "1"]
[SourceVersionDate "2021.07.31"]
[SourceQuality "1"]

1. e4 c5 2. Nf3 e6 3. d4 cxd4 4. Nxd4 Nc6 5. Nc3 a6 6. Be3 Qc7 7. Be2 Nf6 8. 0-0 Be7 9. Qd2 0-0 10. Rad1 d6 11. Nf3 b5 12. Bd3 Bb7 13. a3 Rfd8 14. Bf4 Nd7 15. Bg3 Nc5 16. b4 Nd7 17. Rfe1 Nde5 18. Nxe5 Nxe5 19. Bxe5 dxe5 20. Na2 Bc6 21. Qc3 Qb7 22. Nc1 Bf6 23. Nb3 Rac8 24. Nc5 Qb6 25. Qb3 Be8 26. Be2 Be7 27. Nd3 Qc7 28. Rc1 Qc3 29. Qxc3 Rxc3 30. Nxe5 Rxa3 31. Ra1 Bxb4 32. Rxa3 Bxa3 33. Nd3 Be7 34. Ra1 Ra8 35. Nc1 a5 36. Nb3 a4 37. Nd2 Bb4 38. Nb1 Be7 39. Nd2 Rc8 40. Bd3 b4 41. Nc4 Bb5 42. Nb6 Rc5 43. Nxa4 Bxa4 44. Rxa4 Rc8 45. Kf1 g6 46. Ke2 Kg7 47. f4 Rc7 48. Ra5 Rb7 49. Rb5 Rxb5 50. Bxb5 Bc5 51. Bd3 Kf8 52. f5 exf5 53. exf5 Ke7 54. fxg6 fxg6 55. Kf3 Kf6 56. Ke4 h6 57. Bc4 Bg1 58. h3 g5 59. Bd3 Bh2 60. Kd5 Be5 61. Be4 Bc3 62. g4 Be1 63. Bf5 Ke7 64. Ke5 Kf7 65. Be6+ Kg7 66. Kf5 Bc3 67. Bb3 Be1 1/2-1/2

[Event "ESP-ch U14"]
[Site "Salobrena"]
[Date "2020.08.08"]
[Round "9"]
[White "Leone Amigot, Haymar"]
[Black "Torres Rebolledo, Victor"]
[Result "1-0"]
[WhiteElo "1733"]
[BlackElo "1813"]
[PlyCount "95"]
[EventDate "2020.08.03"]
[EventType "swiss"]
[EventRounds "9"]
[EventCountry "ESP"]
[SourceTitle "EXT 2021"]
[Source "ChessBase"]
[SourceDate "2020.10.23"]
[SourceVersion "1"]
[SourceVersionDate "2020.10.23"]
[SourceQuality "1"]

1. e4 c5 2. Nc3 Nc6 3. Bb5 Nd4 4. Bc4 e6 5. Nge2 a6 6. Nxd4 cxd4 7. Ne2 b5 8. Bb3 Bc5 9. d3 Bb7 10. 0-0 Qc7 11. Bf4 d6 12. Bg3 Nh6 13. h3 Qd7 14. Qd2 0-0 15. Bf4 d5 16. Bxh6 gxh6 17. exd5 e5 18. Qxh6 Qd6 19. Qxd6 Bxd6 20. f4 Rfe8 21. Ng3 Rad8 22. Ne4 Kg7 23. fxe5 Rxe5 24. Rf3 Bxd5 25. Bxd5 Rxd5 26. Raf1 f5 27. Rxf5 Rxf5 28. Rxf5 Be7 29. Re5 Kf7 30. Rf5+ Ke6 31. Rf2 b4 32. Re2 Kd5 33. Nd2 Bd6 34. Nc4 Rf8 35. Rf2 Re8 36. Rf5+ Ke6 37. Nxd6 Kxd6 38. Kf1 Rc8 39. Rf2 a5 40. Ke1 Ke5 41. Kd2 Rg8 42. g4 h5 43. Rf5+ Kd6 44. Rxh5 Rf8 45. Ke2 Rc8 46. Kd2 Rf8 47. b3 a4 48. bxa4 1-0

[Event "ESP-ch U14"]
[Site "Salobrena"]
[Date "2020.08.06"]
[Round "6"]
[White "Leone Amigot, Haymar"]
[Black "Salinas Tomas, Daniel"]
[Result "0-1"]
[WhiteElo "1733"]
[BlackElo "2041"]
[PlyCount "84"]
[EventDate "2020.08.03"]
[EventType "swiss"]
[EventRounds "9"]
[EventCountry "ESP"]
[SourceTitle "EXT 2021"]
[Source "ChessBase"]
[SourceDate "2020.10.23"]
[SourceVersion "1"]
[SourceVersionDate "2020.10.23"]
[SourceQuality "1"]

1. e4 c5 2. c3 Nf6 3. e5 Nd5 4. d4 cxd4 5. cxd4 d6 6. Nf3 e6 7. Bc4 Be7 8. 0-0 0-0 9. Bd2 dxe5 10. dxe5 b6 11. Qe2 Bb7 12. Nc3 Nxc3 13. Bxc3 Qc8 14. Bd3 Bd5 15. Nd2 Qb7 16. f4 g6 17. Ne4 Nd7 18. Nf6+ Nxf6 19. exf6 Bc5+ 20. Kh1 Rfd8 21. Rfd1 Rd7 22. Bb5 Rdd8 23. h4 h5 24. Kh2 a6 25. Bd3 Bf8 26. Be5 b5 27. Rf1 Bxg2 28. Rf2 Rxd3 29. Qxd3 Be4 30. Qe2 Rc8 31. Rd1 Bd5 32. a3 b4 33. axb4 Bxb4 34. Qd3 Bc5 35. Bd4 Bd6 36. Qg3 Rc4 37. Qg5 Qb3 38. Rdd2 Rc1 39. Rg2 Bxg2 40. Rxg2 Qf3 41. Be5 Bc5 42. Qh6 Rh1+ 0-1

[Event "ESP-ch U14"]
[Site "Salobrena"]
[Date "2020.08.03"]
[Round "2"]
[White "Leone Amigot, Haymar"]
[Black "Aguado Doncel, Pablo Luis"]
[Result "1-0"]
[WhiteElo "1733"]
[BlackElo "2105"]
[PlyCount "103"]
[EventDate "2020.08.03"]
[EventType "swiss"]
[EventRounds "9"]
[EventCountry "ESP"]
[SourceTitle "EXT 2021"]
[Source "ChessBase"]
[SourceDate "2020.10.23"]
[SourceVersion "1"]
[SourceVersionDate "2020.10.23"]
[SourceQuality "1"]

1. e4 c5 2. Nf3 d6 3. d4 cxd4 4. Nxd4 Nf6 5. Nc3 g6 6. Be3 Bg7 7. f3 0-0 8. Qd2 Nc6 9. 0-0-0 d5 10. h4 h5 11. Bh6 Bxh6 12. Qxh6 Nxd4 13. Rxd4 e5 14. Rd1 d4 15. Bc4 Qb6 16. Qxg6+ Kh8 17. Qh6+ Nh7 18. Qxb6 axb6 19. Nd5 b5 20. Bb3 Bd7 21. f4 f6 22. f5 Bc6 23. g4 Rg8 24. Nc7 Bxe4 25. Nxa8 Rxa8 26. Rhg1 hxg4 27. Rxg4 Bf3 28. Rg6 Bxd1 29. Kxd1 b6 30. Ke2 Re8 31. Kd3 Nf8 32. Rxf6 Nd7 33. Rh6+ Kg7 34. Rg6+ Kh7 35. h5 Nc5+ 36. Ke2 e4 37. Rxb6 d3+ 38. cxd3 exd3+ 39. Kd1 Nxb3 40. axb3 Re5 41. h6 Rxf5 42. Kd2 Rf2+ 43. Kxd3 Rxb2 44. Rxb5 Kxh6 45. Kc3 Rb1 46. Rf5 Re1 47. Rf2 Re4 48. b4 Rh4 49. Kb3 Kg7 50. Ka4 Rh8 51. b5 Rb8 52. Ka5 1-0